00660 2200193 4500001002100000005001500021035002000036007000300056008003900059082001200098084001800110100003100128245015300159260007100312650001100383022001300394300004300407990001600450INLIS00000000000064420240805023012 a0010-0824000009ta240805 | | |  a630.205 a630.205 MEY e0 aMeynarti Sari Dewi Ibrahim1 aExploring indirect somatic embryogenesis and somaclonal variation for propagation of three Coffea arabica L. cultivars /cMeynarti Sari Dewi Ibrahim aChile, Chillán :bChilean Journal of Agricultural Research,c2024 4aJurnal a07185820 a15-27 hlm, :bilus, ;c21 cm X 29,5 cm a00000000718